[Event "North Bay int. U2200"]
[Site "North Bay CAN"]
[Date "1997.08.07"]
[Round "1"]
[White "Consing, Augusto"]
[Black "Rousseau, Daniel"]
[Result "1-0"]
[WhiteElo "2100"]
[BlackElo "1978"]
[PlyCount "67"]
[GameId "2160767911932219"]
[EventDate "1997.08.07"]
[EventType "swiss"]
[EventRounds "8"]
[EventCountry "CAN"]
[SourceTitle "hb 2011"]

1. e4 e5 2. Nf3 Nc6 3. Bb5 a6 4. Ba4 Nf6 5. O-O b5 6. Bb3 Bb7 7. Re1 Bc5 8. c3 d6 9. d4 Bb6 10. Bg5 h6 11. Bh4 Qe7 12. Qd3 g5 13. Bg3 Nh5 14. Nbd2 Nxg3 15. hxg3 h5 16. a4 b4 17. Nc4 O-O-O 18. a5 Ba7 19. Ne3 g4 20. Nf5 Qf6 21. d5 Nb8 22. N3h4 bxc3 23. Qxc3 Nd7 24. Rec1 Nc5 25. Bc2 Kb8 26. b4 Nd7 27. Ba4 Nf8 28. Qxc7+ Ka8 29. Bc6 Bxc6 30. Rxc6 Rb8 31. Rxa6 Rb7 32. Qc8+ Rb8 33. Qc6+ Rb7 34. Rb6 1-0

[Event "North Bay int. U2200"]
[Site "North Bay CAN"]
[Date "1997.08.07"]
[Round "2"]
[White "Rousseau, Daniel"]
[Black "Acker, Robert"]
[Result "1-0"]
[WhiteElo "1978"]
[BlackElo "2053"]
[PlyCount "89"]
[GameId "2160767911932221"]
[EventDate "1997.08.07"]
[EventType "swiss"]
[EventRounds "8"]
[EventCountry "CAN"]
[SourceTitle "hb 2011"]

1. e4 d6 2. d4 g6 3. Nf3 Bg7 4. Bc4 Nf6 5. Qe2 O-O 6. h3 c6 7. e5 Nd5 8. O-O Nc7 9. c3 a5 10. Nh2 b5 11. Bd3 c5 12. f4 c4 13. Be4 d5 14. Bc2 e6 15. g4 Nc6 16. f5 exf5 17. gxf5 Qh4 18. Qg2 gxf5 19. Bxf5 Bxf5 20. Rxf5 Ne7 21. Bg5 Nxf5 22. Bxh4 Nxh4 23. Qg5 Ng6 24. Ng4 Ne6 25. Nf6+ Bxf6 26. Qxf6 Ra6 27. Qf3 Ng5 28. Qxd5 Nf4 29. Qxb5 Ngxh3+ 30. Kf1 Rg6 31. Ke1 Rg1+ 32. Kd2 Kh8 33. Qxc4 Rfg8 34. Kc2 Ng5 35. Kb3 Nfe6 36. d5 Ng7 37. Qd4 Rf1 38. a4 Nf5 39. Qb6 Ne4 40. Ka2 Rgg1 41. d6 Rd1 42. d7 Rg8 43. Qc6 Rg4 44. Na3 Nxc3+ 45. Qxc3 1-0

[Event "North Bay int. U2200"]
[Site "North Bay CAN"]
[Date "1997.08.08"]
[Round "3"]
[White "Lamb, Bryan"]
[Black "Rousseau, Daniel"]
[Result "0-1"]
[WhiteElo "2286"]
[BlackElo "1978"]
[PlyCount "114"]
[GameId "2160767911932222"]
[EventDate "1997.08.07"]
[EventType "swiss"]
[EventRounds "8"]
[EventCountry "CAN"]
[SourceTitle "hb 2011"]

1. c4 Nf6 2. Nc3 g6 3. g3 Bg7 4. Bg2 O-O 5. d4 d6 6. e4 c5 7. d5 e6 8. Nge2 exd5 9. exd5 a6 10. a4 Nbd7 11. O-O Ne5 12. b3 Bf5 13. h3 h5 14. Bg5 Re8 15. f3 Qa5 16. Ra2 Nh7 17. Bd2 Qd8 18. g4 hxg4 19. fxg4 Bd3 20. Bf4 Bxe2 21. Nxe2 Qh4 22. Ng3 Ng5 23. Kh2 Rad8 24. Nh1 f5 25. gxf5 gxf5 26. Bxg5 Qxg5 27. Ng3 f4 28. Ne4 Qh4 29. Bf3 Rd7 30. Rg2 Rf8 31. Ng5 Rf6 32. Bg4 Re7 33. Be6+ Kh8 34. Nf3 Nxf3+ 35. Qxf3 Rh6 36. Rg4 Qh5 37. Rxf4 Be5 38. Bg4 Qg5 39. Kg2 Bxf4 40. Qxf4 Qxf4 41. Rxf4 Kg7 42. Be6 Rf6 43. Re4 Kf8 44. Rg4 Rg7 45. a5 Rxg4+ 46. Bxg4 Kg7 47. Bc8 Rf7 48. Be6 Rc7 49. Kf3 b6 50. axb6 Rb7 51. Bf5 Rxb6 52. Bc2 Rb7 53. Ke3 Re7+ 54. Kd3 Kf6 55. Kc3 Re3+ 56. Kb2 Re2 57. Kc3 Rg2 0-1

[Event "North Bay int. U2200"]
[Site "North Bay CAN"]
[Date "1997.08.08"]
[Round "4"]
[White "Rousseau, Daniel"]
[Black "Begoray, David"]
[Result "1-0"]
[WhiteElo "1978"]
[BlackElo "2081"]
[PlyCount "81"]
[GameId "2160767911932223"]
[EventDate "1997.08.07"]
[EventType "swiss"]
[EventRounds "8"]
[EventCountry "CAN"]
[SourceTitle "hb 2011"]

1. e4 c5 2. Nf3 d6 3. d4 cxd4 4. Nxd4 Nf6 5. Nc3 a6 6. Bg5 e6 7. f4 Qb6 8. Qd2 Qxb2 9. Nb3 Qa3 10. Bxf6 gxf6 11. Be2 h5 12. O-O Nc6 13. Qe3 Na5 14. Bb5+ axb5 15. Nxb5 Qb4 16. Nc7+ Ke7 17. Nxa8 Nc4 18. Qa7 Bg7 19. a3 Qc3 20. Rf3 Qxc2 21. Rc1 Qxe4 22. Rfc3 d5 23. Qc5+ Nd6 24. Qc7+ Bd7 25. Nb6 Rd8 26. Nxd7 Rxd7 27. Qxd7+ Kxd7 28. Nc5+ Kd8 29. Nxe4 dxe4 30. Rd1 f5 31. Rh3 Ke7 32. Rxh5 Nc4 33. Rh3 e3 34. Kf1 b5 35. Rd3 Bb2 36. Rdxe3 Nxe3+ 37. Rxe3 Bc1 38. Rf3 Kd6 39. g3 Kd5 40. Rc3 Bb2 41. Rb3 1-0

[Event "North Bay int. U2200"]
[Site "North Bay CAN"]
[Date "1997.08.09"]
[Round "5"]
[White "Meng, Ang"]
[Black "Rousseau, Daniel"]
[Result "1-0"]
[WhiteElo "2185"]
[BlackElo "1978"]
[PlyCount "65"]
[GameId "2160767911932224"]
[EventDate "1997.08.07"]
[EventType "swiss"]
[EventRounds "8"]
[EventCountry "CAN"]
[SourceTitle "hb 2011"]

1. e4 e5 2. d4 exd4 3. Qxd4 Nc6 4. Qe3 Nf6 5. Bd2 Ng4 6. Qg3 d5 7. Be2 Nf6 8. exd5 Nxd5 9. Nc3 Ncb4 10. O-O-O Nxc3 11. Bxc3 Nxa2+ 12. Kb1 Nxc3+ 13. Qxc3 Qe7 14. Bb5+ c6 15. Bxc6+ bxc6 16. Qxc6+ Bd7 17. Qxa8+ Qd8 18. Qxa7 Qc8 19. Nf3 Bc5 20. Rhe1+ Be6 21. Qa4+ Kf8 22. Ng5 Be7 23. Nxe6+ fxe6 24. Qd7 Kf7 25. Qxc8 Rxc8 26. Rd7 Rc6 27. Red1 Ke8 28. c3 Rc5 29. f4 Rh5 30. h3 Rh4 31. R7d4 Bf6 32. Re4 h5 33. Rh1 1-0

[Event "North Bay int. U2200"]
[Site "North Bay CAN"]
[Date "1997.08.09"]
[Round "6"]
[White "Rousseau, Daniel"]
[Black "Kazdan, Charles"]
[Result "1-0"]
[WhiteElo "1978"]
[BlackElo "2165"]
[PlyCount "71"]
[GameId "2160767911932225"]
[EventDate "1997.08.07"]
[EventType "swiss"]
[EventRounds "8"]
[EventCountry "CAN"]
[SourceTitle "hb 2011"]

1. e4 d5 2. exd5 Nf6 3. d4 Bg4 4. Bb5+ Nbd7 5. Nf3 Nxd5 6. h3 Bh5 7. c4 N5f6 8. d5 a6 9. Ba4 Bxf3 10. Qxf3 g6 11. Nc3 Bg7 12. O-O O-O 13. Re1 Nb6 14. Bb3 Rc8 15. Be3 Nbd7 16. Rad1 b6 17. Bd4 Rb8 18. Ne2 e5 19. dxe6 fxe6 20. Qc6 e5 21. Bxe5 Nxe5 22. Qe6+ Nf7 23. Rxd8 Rbxd8 24. c5 bxc5 25. Rc1 Rd6 26. Qc4 Nd7 27. Nc3 Nde5 28. Qxc5 Nd3 29. Qxc7 Nxc1 30. Bxf7+ Rxf7 31. Qxd6 Bxc3 32. bxc3 Ne2+ 33. Kh2 Rxf2 34. Qxa6 Nxc3 35. Qc8+ Kf7 36. Qxc3 1-0

[Event "North Bay int. U2200"]
[Site "North Bay CAN"]
[Date "1997.08.10"]
[Round "7"]
[White "Peredun, Andrew"]
[Black "Rousseau, Daniel"]
[Result "1-0"]
[WhiteElo "2104"]
[BlackElo "1978"]
[PlyCount "109"]
[GameId "2160767911932226"]
[EventDate "1997.08.07"]
[EventType "swiss"]
[EventRounds "8"]
[EventCountry "CAN"]
[SourceTitle "hb 2011"]

1. e4 e5 2. Bc4 Nf6 3. d3 Bc5 4. Nc3 Nc6 5. f4 d6 6. Nf3 h6 7. Na4 Bb6 8. Nxb6 axb6 9. O-O Na5 10. fxe5 dxe5 11. Bxf7+ Kxf7 12. Nxe5+ Kg8 13. Ng6 Qd4+ 14. Kh1 Ng4 15. Qf3 Be6 16. Ne7+ Kh7 17. Nf5 Qf6 18. Qxg4 Raf8 19. Bd2 g6 20. Bc3 gxf5 21. exf5 Qf7 22. Bxh8 Kxh8 23. Qg6 Qxg6 24. fxg6 Rxf1+ 25. Rxf1 Nc6 26. h4 h5 27. Re1 Bg4 28. Kh2 Kg7 29. Kg3 Kxg6 30. Kf4 Kf6 31. c3 Ne7 32. g3 c5 33. Ke3 b5 34. b4 Nd5+ 35. Kd2 cxb4 36. cxb4 Bd7 37. a3 Kf5 38. Rf1+ Kg4 39. Rf7 Bc6 40. Rg7+ Kh3 41. Rg5 Nf6 42. Ke3 Nd5+ 43. Kd4 Nf6 44. Ke5 Ng4+ 45. Kd6 Kxg3 46. Rxh5 Kf4 47. Rc5 Be8 48. Kc7 Ne3 49. d4 Nc4 50. Kxb7 Nd6+ 51. Kc7 Nf5 52. Rxf5+ Kxf5 53. d5 Ke5 54. d6 Ke6 55. h5 1-0

[Event "North Bay int. U2200"]
[Site "North Bay CAN"]
[Date "1997.08.10"]
[Round "8"]
[White "Rousseau, Daniel"]
[Black "Morrissey, Leonid"]
[Result "1-0"]
[WhiteElo "1978"]
[BlackElo "2134"]
[PlyCount "91"]
[GameId "2160767911932227"]
[EventDate "1997.08.07"]
[EventType "swiss"]
[EventRounds "8"]
[EventCountry "CAN"]
[SourceTitle "hb 2011"]

1. e4 e6 2. d4 d5 3. Nc3 Bb4 4. e5 c5 5. a3 Bxc3+ 6. bxc3 Qc7 7. Nf3 Ne7 8. Bd3 b6 9. Bb5+ Bd7 10. Bd3 Ba4 11. O-O h6 12. h4 Nbc6 13. Be3 Na5 14. Re1 Rc8 15. dxc5 bxc5 16. Rb1 c4 17. Bf1 Nf5 18. Bc1 Nc6 19. g4 Nfe7 20. Bf4 Rb8 21. Qe2 a6 22. Bg3 Na7 23. Nd4 Nec6 24. Nxc6 Bxc6 25. Qe3 Ba4 26. Qd2 a5 27. f4 Nb5 28. Kh2 h5 29. f5 hxg4 30. Bg2 Rd8 31. Qg5 Rg8 32. fxe6 fxe6 33. Rf1 Rd7 34. Qg6+ Kd8 35. Qxe6 Re8 36. Qxg4 Rde7 37. Bxd5 Rxe5 38. Bxc4 Nxc3 39. Qd4+ Bd7 40. Qxc3 Re2+ 41. Kg1 Qc5+ 42. Rf2 R8e3 43. Rb8+ Bc8 44. Rxc8+ Qxc8 45. Qxa5+ Ke8 46. Rxe2 1-0

[Event "North Shore op"]
[Site "Chatham CAN"]
[Date "1997.06.01"]
[Round "4"]
[White "Mayo, Alvah"]
[Black "Davies, Cedric"]
[Result "1-0"]
[WhiteElo "1910"]
[BlackElo "1848"]
[PlyCount "151"]
[GameId "2160767911965724"]
[EventDate "1997.05.31"]
[EventType "swiss"]
[EventRounds "5"]
[EventCountry "CAN"]

1. c4 e5 2. Nc3 d6 3. g3 f5 4. d4 e4 5. f3 exf3 6. Nxf3 Nf6 7. Bg2 Be7 8. O-O O-O 9. Qc2 c6 10. a3 a5 11. Rb1 Ne4 12. b4 axb4 13. axb4 Be6 14. d5 Nxc3 15. Qxc3 cxd5 16. Nd4 Bf6 17. Nxe6 Bxc3 18. Nxd8 Rxd8 19. Bxd5+ Kh8 20. Rxf5 Nc6 21. Bxc6 bxc6 22. Bb2 Bxb4 23. Bxg7+ Kxg7 24. Rxb4 Rab8 25. Ra4 Ra8 26. Rfa5 Rxa5 27. Rxa5 Re8 28. Kf2 Re4 29. Ra7+ Kg6 30. Rd7 Re6 31. e4 h6 32. Ke3 Kg5 33. Rf7 Kg4 34. Rf4+ Kg5 35. Rf5+ Kg4 36. Kd4 Kh3 37. Rh5+ Kg4 38. Rh4+ Kg5 39. c5 dxc5+ 40. Kxc5 h5 41. Rf4 Kg6 42. Kd4 Kg5 43. Rf5+ Kg4 44. Rf4+ Kg5 45. h4+ Kg6 46. Rf5 Re7 47. Rc5 Re6 48. Ke3 Rf6 49. e5 Re6 50. Kf4 Kf7 51. Kf5 Rg6 52. Rc3 c5 53. Rxc5 Rxg3 54. Rc7+ Ke8 55. Ke6 Rg6+ 56. Kf5 Rg4 57. Kf6 Rxh4 58. Rc8+ Kd7 59. Rh8 Rf4+ 60. Kg5 Rg4+ 61. Kf5 Rh4 62. Rh7+ Ke8 63. Ke6 Kd8 64. Rh8+ Kc7 65. Ke7 Re4 66. Rxh5 Rg4 67. Rf5 Rg7+ 68. Rf7 Rg8 69. e6 Rh8 70. Rf8 Rh7+ 71. Rf7 Rh8 72. Rg7 Kc8 73. Rg1 Rh7+ 74. Kf8 Rh2 75. e7 Rf2+ 76. Ke8 1-0

[Event "Northern Alberta U16"]
[Site "Edmonton CAN"]
[Date "1997.10.26"]
[Round "1"]
[White "Kazakevich, Anastasia"]
[Black "Merali, Alim"]
[Result "0-1"]
[WhiteElo "1300"]
[BlackElo "1166"]
[PlyCount "69"]
[GameId "2160767911935905"]
[EventDate "1997.10.26"]
[EventType "tourn"]
[EventRounds "3"]
[EventCountry "CAN"]
[SourceTitle "Albertabase"]
[SourceDate "2003.08.17"]
[SourceVersion "1"]
[SourceVersionDate "2003.08.17"]
[SourceQuality "1"]

1. e4 g6 2. d4 Bg7 3. Nf3 b6 4. Bc4 h6 5. Nc3 Bb7 6. Be3 Nf6 7. Qd3 d6 8. O-O-O e6 9. Bb5+ c6 10. e5 Ng4 11. Ba4 d5 12. h3 Nxe3 13. fxe3 a6 14. Bb3 b5 15. a4 b4 16. Ne2 a5 17. Rhe1 Ba6 18. Qd2 Bxe2 19. Rxe2 f6 20. e4 Nd7 21. exf6 Nxf6 22. e5 Ne4 23. Qe3 Ng3 24. Rf2 Ne4 25. Rff1 h5 26. c3 Bh6 27. Ng5 Bxg5 28. Rf4 Bxf4 29. Qxf4 Rf8 30. Qe3 Qg5 31. Qxg5 Nxg5 32. Bc2 Kf7 33. cxb4 axb4 34. b3 Kg7 35. g4 0-1

[Event "Northern Alberta U16"]
[Site "Edmonton CAN"]
[Date "1997.10.26"]
[Round "2"]
[White "Ryan, Jeff"]
[Black "Kazakevich, Anastasia"]
[Result "0-1"]
[WhiteElo "1300"]
[BlackElo "1236"]
[PlyCount "74"]
[GameId "2160767911935906"]
[EventDate "1997.10.26"]
[EventType "tourn"]
[EventRounds "3"]
[EventCountry "CAN"]
[SourceTitle "Albertabase"]
[SourceDate "2003.08.17"]
[SourceVersion "1"]
[SourceVersionDate "2003.08.17"]
[SourceQuality "1"]

1. d4 d5 2. c4 c6 3. e3 Bf5 4. Nc3 e6 5. c5 Nf6 6. Nf3 b6 7. Na4 Nbd7 8. Ne5 Nxe5 9. dxe5 Ne4 10. Bd3 b5 11. Nc3 Bxc5 12. O-O O-O 13. Qf3 Nxc3 14. Bxf5 exf5 15. bxc3 Qa5 16. Bd2 g6 17. Rfd1 Qa4 18. Qf4 Qxf4 19. exf4 Rfe8 20. Re1 Rad8 21. h3 h6 22. a4 a6 23. axb5 axb5 24. Be3 Bxe3 25. fxe3 Kg7 26. g4 fxg4 27. hxg4 g5 28. Ra7 Kg6 29. Rc7 Rc8 30. f5+ Kg7 31. Rxc8 Rxc8 32. Rf1 Re8 33. f6+ Kg6 34. Rf5 h5 35. Rf2 Rxe5 36. gxh5+ Kxh5 37. Rh2+ Kg6 0-1

[Event "Northern BC Winter Games"]
[Site "Prince Rupert CAN"]
[Date "1997.02.09"]
[Round "5"]
[White "Reaville, Mike"]
[Black "Neumann, Ralph"]
[Result "0-1"]
[WhiteElo "1559"]
[BlackElo "1831"]
[PlyCount "66"]
[GameId "2160767911966497"]
[EventDate "1997.02.08"]
[EventType "swiss"]
[EventRounds "5"]
[EventCountry "CAN"]
[SourceTitle "CFC 1997.06"]

1. d4 d5 2. c4 c6 3. b3 Bf5 4. Nc3 e6 5. c5 Nf6 6. g3 Nbd7 7. f4 Ne4 8. Bd2 b6 9. b4 a5 10. a3 Nxd2 11. Kxd2 Be7 12. Nf3 Nf6 13. Ne5 Qc7 14. e3 Ne4+ 15. Nxe4 Bxe4 16. Rg1 f6 17. Nd3 h5 18. h4 Bf5 19. Be2 g6 20. Qc2 Kf7 21. Rac1 Rhc8 22. Qb2 Ra7 23. Bf3 Rca8 24. Ra1 Qb7 25. Be2 Bxd3 26. Bxd3 bxc5 27. dxc5 axb4 28. Rab1 Bxc5 29. Qc2 Qb6 30. Bxg6+ Ke7 31. Rge1 Rxa3 32. Bd3 b3 33. Qd1 Ra2+ 0-1

[Event "Northern BC op"]
[Site "Prince George CAN"]
[Date "1997.12.29"]
[Round "6"]
[White "Zamorano, Alex"]
[Black "Taylor, Nicholas"]
[Result "0-1"]
[WhiteElo "1809"]
[BlackElo "1760"]
[PlyCount "122"]
[GameId "2160767911874275"]
[EventDate "1997.12.27"]
[EventType "swiss"]
[EventRounds "6"]
[EventCountry "CAN"]
[SourceTitle "CFC 1998.04"]

1. Nf3 f5 2. g3 e6 3. d4 Nf6 4. Bg2 Be7 5. c4 O-O 6. Nc3 a5 7. O-O Na6 8. Nd2 Rb8 9. Nb3 b6 10. d5 e5 11. Nb5 d6 12. a4 Ra8 13. Bg5 Nd7 14. Bxe7 Qxe7 15. f4 Ndc5 16. Nxc5 bxc5 17. fxe5 Qxe5 18. Qd2 Bd7 19. Rf2 Bxb5 20. axb5 Nb4 21. Ra3 Rfe8 22. h4 Qd4 23. Qxd4 cxd4 24. Bf3 Re3 25. c5 a4 26. b6 Rxa3 27. bxa3 cxb6 28. axb4 bxc5 29. bxc5 a3 30. c6 a2 31. Rf1 a1=Q 32. Rxa1 Rxa1+ 33. Kf2 Kf8 34. g4 f4 35. Be4 g6 36. h5 gxh5 37. gxh5 h6 38. Bf5 Rc1 39. Kf3 Ke7 40. Kxf4 Kf6 41. Ke4 Kg5 42. Bg6 Re1 43. c7 Rc1 44. Kxd4 Rxc7 45. e4 Kf4 46. Bf5 Rc1 47. Bg6 Rd1+ 48. Kc3 Ke5 49. Kc2 Rd4 50. Kc3 Rxe4 51. Bxe4 Kxe4 52. Kd2 Kxd5 53. Kd3 Ke5 54. Ke3 Kf5 55. Kf3 Kg5 56. Kg3 Kxh5 57. Kh3 d5 58. Kg3 d4 59. Kf3 Kh4 60. Ke4 Kg3 61. Kxd4 h5 0-1

[Event "Nova Scotia - New Brunswick m"]
[Site "Halifax CAN"]
[Date "1997.05.17"]
[Round "1"]
[White "Buckley, Bill"]
[Black "Urquhart, Eddie"]
[Result "1/2-1/2"]
[WhiteElo "1986"]
[BlackElo "2214"]
[PlyCount "53"]
[GameId "2160767911965826"]
[EventDate "1997.05.17"]
[EventType "team"]
[EventRounds "5"]
[EventCountry "CAN"]

1. d4 Nf6 2. Nf3 g6 3. g3 Bg7 4. Bg2 O-O 5. c4 d5 6. Nbd2 dxc4 7. Nxc4 Be6 8. b3 c5 9. Bb2 Bxc4 10. bxc4 Ne4 11. O-O Nc6 12. e3 Rc8 13. Rb1 Qa5 14. d5 Nb4 15. Bxg7 Kxg7 16. Qb3 b6 17. a3 Na6 18. Rbc1 f6 19. Rfd1 Nc7 20. Qb2 Ne8 21. Nd2 Nxd2 22. Rxd2 Nd6 23. e4 Rcd8 24. Re2 Qa6 25. Qc3 Qc8 26. e5 Nf5 27. Bh3 1/2-1/2

[Event "Nova Scotia - New Brunswick m"]
[Site "Halifax CAN"]
[Date "1997.05.17"]
[Round "1"]
[White "McKim, Fred"]
[Black "Charlton, Glenn"]
[Result "0-1"]
[WhiteElo "2006"]
[BlackElo "2110"]
[PlyCount "156"]
[GameId "2160767911965827"]
[EventDate "1997.05.17"]
[EventType "team"]
[EventRounds "5"]
[EventCountry "CAN"]

1. d4 d6 2. e4 g6 3. c3 Nf6 4. Nd2 e5 5. Ngf3 Nc6 6. Bb5 Bd7 7. O-O Qe7 8. Re1 Bh6 9. Nf1 Bxc1 10. Rxc1 O-O 11. d5 Nb8 12. Qd3 Nh5 13. g3 Bh3 14. Qd2 Kg7 15. Qg5 Nf6 16. Ne3 h6 17. Qh4 Bd7 18. Bxd7 Nbxd7 19. g4 Rh8 20. g5 hxg5 21. Qxg5 Kf8 22. Nd2 Nc5 23. Rf1 Nd3 24. Rc2 Nf4 25. Kh1 N6xd5 26. Qxe7+ Nxe7 27. Ng2 Nxg2 28. Kxg2 g5 29. Nf3 f6 30. c4 Ng6 31. c5 Nf4+ 32. Kg3 dxc5 33. Rxc5 c6 34. h4 gxh4+ 35. Nxh4 Kf7 36. Rh1 Rag8+ 37. Kf3 Ng2 38. Nxg2 Rxh1 39. Ne3 Rd8 40. Nc4 Re1 41. Ra5 Rd3+ 42. Ne3 a6 43. Ra4 Rd4 44. Ra3 Rb4 45. Rd3 Rxb2 46. Nf5 Ree2 47. Rd7+ Ke8 48. Re7+ Kf8 49. Rd7 Rxf2+ 50. Kg4 Ke8 51. Re7+ Kd8 52. Rf7 Rf4+ 53. Kg3 Rxe4 54. Nd6 Rd4 55. Nxb7+ Rxb7 56. Rxb7 Ra4 57. Rf7 Rxa2 58. Kf3 Rd2 59. Rxf6 Kc7 60. Ke3 Rd5 61. Rf8 a5 62. Ra8 Kb7 63. Rh8 a4 64. Rh4 Ra5 65. Rh2 a3 66. Ra2 Kb6 67. Kd3 Kb5 68. Kc3 c5 69. Kc2 Kc4 70. Kb1 Kb3 71. Rb2+ Kc3 72. Re2 c4 73. Rc2+ Kd3 74. Rh2 e4 75. Rh6 e3 76. Ka2 e2 77. Rd6+ Ke4 78. Rg6 Rf5 0-1

[Event "Nova Scotia - New Brunswick m"]
[Site "Halifax CAN"]
[Date "1997.05.17"]
[Round "1"]
[White "Papenhausen, Richard"]
[Black "Pentz, Brian"]
[Result "1-0"]
[WhiteElo "2014"]
[BlackElo "2060"]
[PlyCount "67"]
[GameId "2160767911965828"]
[EventDate "1997.05.17"]
[EventType "team"]
[EventRounds "5"]
[EventCountry "CAN"]

1. d4 Nf6 2. c4 e6 3. Nc3 Bb4 4. Qc2 c5 5. dxc5 Nc6 6. Nf3 Qa5 7. Bd2 Qxc5 8. e3 O-O 9. a3 Bxc3 10. Bxc3 Qe7 11. b4 d5 12. b5 Nb8 13. Bb4 Qc7 14. Bxf8 Kxf8 15. Bd3 Nbd7 16. O-O h6 17. Rac1 b6 18. cxd5 Qxc2 19. Rxc2 Nxd5 20. Rfc1 Bb7 21. Nd2 Nc5 22. Bc4 Nf6 23. Nb3 Be4 24. Rd2 Rc8 25. Be2 Ke7 26. Nxc5 bxc5 27. f3 Bd5 28. Rb2 Nd7 29. a4 Nb6 30. a5 Na4 31. Rbb1 Ba2 32. Ra1 Bb3 33. Ra3 c4 34. Rxb3 1-0

[Event "Nova Scotia - New Brunswick m"]
[Site "Halifax CAN"]
[Date "1997.05.18"]
[Round "2"]
[White "Charlton, Glenn"]
[Black "Papenhausen, Richard"]
[Result "1-0"]
[WhiteElo "2110"]
[BlackElo "2014"]
[PlyCount "53"]
[GameId "2160767911965829"]
[EventDate "1997.05.17"]
[EventType "team"]
[EventRounds "5"]
[EventCountry "CAN"]

1. e4 c5 2. Nc3 Nc6 3. f4 d6 4. Bb5 Bd7 5. Nf3 g6 6. O-O Bg7 7. d3 e6 8. e5 d5 9. Bxc6 bxc6 10. Na4 Qa5 11. c4 Bf8 12. b3 Nh6 13. Ba3 Nf5 14. Qe1 Qxe1 15. Raxe1 Nd4 16. Bxc5 Nc2 17. Re2 Na3 18. Bxf8 Rxf8 19. Nc5 Rb8 20. Ng5 Bc8 21. Nxh7 Rh8 22. Nf6+ Ke7 23. g3 a5 24. h4 Rb6 25. Kf2 Ba6 26. Nfd7 Bxc4 27. Nxb6 1-0

[Event "Nova Scotia - New Brunswick m"]
[Site "Halifax CAN"]
[Date "1997.05.18"]
[Round "2"]
[White "Mayo, Alvah"]
[Black "Buckley, Bill"]
[Result "0-1"]
[WhiteElo "1889"]
[BlackElo "1988"]
[PlyCount "94"]
[GameId "2160767911965830"]
[EventDate "1997.05.17"]
[EventType "team"]
[EventRounds "5"]
[EventCountry "CAN"]

1. e4 c5 2. Nc3 d6 3. f4 g6 4. Nf3 Bg7 5. Bc4 Nc6 6. O-O e6 7. d3 Nd4 8. Nxd4 Bxd4+ 9. Kh1 a6 10. a4 Bd7 11. Ne2 Bg7 12. a5 Ne7 13. f5 exf5 14. Ng3 Be6 15. exf5 Nxf5 16. Nxf5 Bxf5 17. Bxf7+ Kxf7 18. g4 Rf8 19. gxf5 Kg8 20. fxg6 hxg6 21. c3 Qh4 22. Be3 Be5 23. Bg1 Rf4 24. Rxf4 Qxf4 25. Qb3+ Qf7 26. Qxf7+ Kxf7 27. d4 cxd4 28. cxd4 Bf6 29. Rc1 Re8 30. Rc7+ Re7 31. Rxe7+ Kxe7 32. Kg2 Ke6 33. Kf3 Kd5 34. Kg4 Ke4 35. h4 d5 36. Bf2 Kd3 37. Be1 Kc2 38. Bc3 Kd3 39. Be1 Bxd4 40. Kg5 Bxb2 41. Kxg6 Ke2 42. Bb4 d4 43. h5 d3 44. h6 d2 45. Bxd2 Kxd2 46. h7 Kd3 47. Kf5 Kc4 0-1

[Event "Nova Scotia - New Brunswick m"]
[Site "Halifax CAN"]
[Date "1997.05.18"]
[Round "2"]
[White "Pentz, Brian"]
[Black "Breau, Robert"]
[Result "1/2-1/2"]
[WhiteElo "2060"]
[BlackElo "2110"]
[PlyCount "66"]
[GameId "2160767911965831"]
[EventDate "1997.05.17"]
[EventType "team"]
[EventRounds "5"]
[EventCountry "CAN"]

1. e4 d6 2. d3 Nf6 3. Nf3 g6 4. Nc3 Bg7 5. Be2 O-O 6. h3 c5 7. Be3 Nc6 8. Qd2 Qa5 9. O-O b5 10. Bh6 e5 11. Qg5 b4 12. Bxg7 Kxg7 13. Nd1 Nd4 14. Nxd4 cxd4 15. f4 h6 16. Qg3 Ba6 17. Qf3 Rac8 18. fxe5 Qxe5 19. Rc1 Nh5 20. Nf2 f5 21. exf5 Rxf5 22. Qe4 Ng3 23. Qxe5+ Rxe5 24. Bg4 Rce8 25. Rfd1 Bb7 26. Kh2 Ne2 27. Bxe2 Rxe2 28. Kg1 Bd5 29. Kf1 R8e3 30. Ne4 Bxe4 31. dxe4 Rxe4 32. Rxd4 Rxd4 33. Kxe2 Kf6 1/2-1/2

[Event "Nova Scotia - New Brunswick m"]
[Site "Halifax CAN"]
[Date "1997.05.18"]
[Round "2"]
[White "Urquhart, Eddie"]
[Black "McKim, Fred"]
[Result "1-0"]
[WhiteElo "2214"]
[BlackElo "2006"]
[PlyCount "69"]
[GameId "2160767911965832"]
[EventDate "1997.05.17"]
[EventType "team"]
[EventRounds "5"]
[EventCountry "CAN"]

1. e4 e5 2. Nf3 Nc6 3. d4 exd4 4. Bc4 Bc5 5. c3 d6 6. cxd4 Bb4+ 7. Bd2 Bxd2+ 8. Nbxd2 Nh6 9. h3 Qe7 10. O-O O-O 11. Re1 Kh8 12. Nf1 Qf6 13. Ng3 g5 14. e5 dxe5 15. d5 Ne7 16. Nxe5 g4 17. hxg4 Ng6 18. Nh5 Qd8 19. f3 Qd6 20. Qd4 f6 21. Nxg6+ hxg6 22. Nf4 Kg7 23. Bd3 c5 24. Qe3 f5 25. g5 Nf7 26. Ne6+ Bxe6 27. dxe6 Rae8 28. Rad1 Rh8 29. f4 Nxg5 30. Bxf5 Qb8 31. Rd7+ Kg8 32. Bxg6 Rxe6 33. Bf7+ Nxf7 34. Qxe6 Qxf4 35. Qg6+ 1-0

[Event "Nova Scotia - New Brunswick m"]
[Site "Halifax CAN"]
[Date "1997.05.18"]
[Round "2"]
[White "Wysocki, Antoni"]
[Black "Howarth, Anthony"]
[Result "1/2-1/2"]
[WhiteElo "2030"]
[BlackElo "2256"]
[PlyCount "75"]
[GameId "2160767911965833"]
[EventDate "1997.05.17"]
[EventType "team"]
[EventRounds "5"]
[EventCountry "CAN"]

1. b4 g6 2. Bb2 Nf6 3. g3 Bg7 4. Bg2 O-O 5. Nf3 d6 6. O-O Nbd7 7. c4 a5 8. a3 e5 9. d3 axb4 10. axb4 Rxa1 11. Bxa1 Nh5 12. Nc3 f5 13. Nb5 g5 14. c5 g4 15. cxd6 c6 16. Nc7 gxf3 17. Bxf3 Nhf6 18. Ne6 Qe8 19. Nxf8 Qxf8 20. Qb3+ Qf7 21. Qa3 Bf8 22. b5 c5 23. Qa8 Nb6 24. Qa7 Nfd7 25. Bxb7 Bxb7 26. Qxb7 Bxd6 27. Bc3 Nd5 28. Bd2 f4 29. Ra1 N7b6 30. Qc6 Qd7 31. Ra8+ Kf7 32. Rh8 Qxc6 33. bxc6 Kg7 34. Re8 Kf7 35. Rd8 Bc7 36. Rh8 Kg7 37. Re8 Kf7 38. Rh8 1/2-1/2

[Event "Nova Scotia - New Brunswick m"]
[Site "Halifax CAN"]
[Date "1997.05.18"]
[Round "3"]
[White "Breau, Robert"]
[Black "Charlton, Glenn"]
[Result "0-1"]
[WhiteElo "2110"]
[BlackElo "2053"]
[PlyCount "80"]
[GameId "2160767911965834"]
[EventDate "1997.05.17"]
[EventType "team"]
[EventRounds "5"]
[EventCountry "CAN"]

1. e4 g6 2. Nf3 Bg7 3. g3 d6 4. Bg2 Nf6 5. d3 c5 6. O-O O-O 7. Nbd2 Nc6 8. c3 Rb8 9. Re1 Bg4 10. h3 Bxf3 11. Nxf3 Nd7 12. Nh2 Qc7 13. f4 b5 14. Bd2 b4 15. Nf3 bxc3 16. Bxc3 Bxc3 17. bxc3 Rb2 18. Nd2 Na5 19. Re2 Rfb8 20. Rf2 Qb6 21. h4 Qb5 22. Bf1 Qb6 23. h5 Kg7 24. g4 e5 25. Qf3 c4 26. Rd1 cxd3 27. fxe5 Nxe5 28. Qf6+ Kf8 29. Kg2 Qd8 30. hxg6 Qxf6 31. Rxf6 hxg6 32. Kg3 Ke7 33. g5 Rxa2 34. Nf3 Nac4 35. Nxe5 Nxe5 36. Bxd3 Ra3 37. Be2 Rxc3+ 38. Kf2 Rb2 39. Kf1 Rcc2 40. Ba6 Ng4 0-1

[Event "Nova Scotia - New Brunswick m"]
[Site "Halifax CAN"]
[Date "1997.05.18"]
[Round "3"]
[White "Buckley, Bill"]
[Black "Wysocki, Antoni"]
[Result "0-1"]
[WhiteElo "1986"]
[BlackElo "2030"]
[PlyCount "56"]
[GameId "2160767911965835"]
[EventDate "1997.05.17"]
[EventType "team"]
[EventRounds "5"]
[EventCountry "CAN"]

1. d4 e6 2. Nf3 c5 3. e3 Nf6 4. Bd3 b6 5. Nbd2 Bb7 6. b3 Be7 7. Bb2 O-O 8. O-O Nc6 9. a3 d6 10. Ng5 h6 11. f4 Nd5 12. Rf3 hxg5 13. Bh7+ Kxh7 14. Rh3+ Kg8 15. Qh5 f5 16. dxc5 Nf6 17. Qxg5 dxc5 18. Nf3 Qd5 19. Nh4 Ne8 20. Qh5 Ne5 21. Nf3 Nxf3+ 22. gxf3 Bf6 23. Bxf6 Nxf6 24. Qg6 Qd2 25. Rg3 Qxe3+ 26. Kg2 Ng4 27. Kh3 Bxf3 28. Kh4 Rf6 0-1